000 00526nam a2200181 i 4500
001 97691
003 ES-MaACL
005 20231213062945.0
007 t|
008 050715s1943 sp ||||1| spa d
100 1 _aMarías, Julián,
_d1914-2005
_976688
245 1 0 _aMiguel de Unamuno /
_cJulián Marías.
260 _aMadrid :
_bEspasa-Calpe,
_c1943.
300 _a225 p. ;
_c24 cm.
600 1 4 _aUnamuno, Miguel de,
_d1864-1936-
_xCrítica e interpretación
_9111984
852 _aES-MaACL
_jA-5197
999 _c97691
_d97691